<?xml version="1.0" encoding="UTF-8"?>
<record
    xmlns:xsi="http://www.w3.org/2001/XMLSchema-instance"
    xsi:schemaLocation="http://www.loc.gov/MARC21/slim http://www.loc.gov/standards/marcxml/schema/MARC21slim.xsd"
    xmlns="http://www.loc.gov/MARC21/slim">

  <leader>00470nam a2200193Ia 4500</leader>
  <controlfield tag="005">20240823023831.0</controlfield>
  <controlfield tag="008">240823s9999||||xx |||||||||||||| ||und||</controlfield>
  <datafield tag="020" ind1=" " ind2=" ">
    <subfield code="a">978-81-203-2315-5</subfield>
  </datafield>
  <datafield tag="041" ind1=" " ind2=" ">
    <subfield code="a">ENGLISH</subfield>
  </datafield>
  <datafield tag="082" ind1=" " ind2=" ">
    <subfield code="A">620.151535 P9</subfield>
  </datafield>
  <datafield tag="100" ind1=" " ind2=" ">
    <subfield code="a">"Seshu,P"</subfield>
  </datafield>
  <datafield tag="245" ind1=" " ind2="0">
    <subfield code="a">Finite Element Analysis</subfield>
  </datafield>
  <datafield tag="250" ind1=" " ind2=" ">
    <subfield code="a">Ist</subfield>
  </datafield>
  <datafield tag="260" ind1=" " ind2=" ">
    <subfield code="c">2009</subfield>
    <subfield code="b">"PHI,.New "</subfield>
    <subfield code="a">New Delhi</subfield>
  </datafield>
  <datafield tag="500" ind1=" " ind2=" ">
    <subfield code="a">LOST</subfield>
  </datafield>
  <datafield tag="650" ind1=" " ind2=" ">
    <subfield code="a">Finite Element Analysis</subfield>
    <subfield code="b">Mechanical</subfield>
  </datafield>
  <datafield tag="942" ind1=" " ind2=" ">
    <subfield code="c">BK</subfield>
  </datafield>
  <datafield tag="952" ind1=" " ind2=" ">
    <subfield code="0">0</subfield>
    <subfield code="1">3</subfield>
    <subfield code="4">0</subfield>
    <subfield code="7">0</subfield>
    <subfield code="a">NICHELIB</subfield>
    <subfield code="b">NICHELIB</subfield>
    <subfield code="c">Cost Recovered</subfield>
    <subfield code="d">2009-10-05</subfield>
    <subfield code="e">Sudarsan Books</subfield>
    <subfield code="g">250.00</subfield>
    <subfield code="l">0</subfield>
    <subfield code="o">620.151535 P9</subfield>
    <subfield code="p">35509</subfield>
    <subfield code="r">2024-08-23 02:38:31</subfield>
    <subfield code="w">2024-08-23</subfield>
    <subfield code="y">BK</subfield>
    <subfield code="z">250.00/5826/16.11.2011</subfield>
  </datafield>
  <datafield tag="999" ind1=" " ind2=" ">
    <subfield code="c">182492</subfield>
    <subfield code="d">182492</subfield>
  </datafield>
</record>
